000 00770nam a2200241Ia 4500
003 OSt
005 20220923212438.0
006 a|||||r|||| 00| 0
007 ta
008 220922b |||||||| |||| 00| 0 hin d
024 _a153,017
037 _cTextual
040 _aARTS
_cARTS
_bhin
041 _2hin
_ahin
082 _aNR44, 152N3
100 _aवर्मा, केशवचन्द्र
_9156365
245 0 _aराग और रस के बहाने
246 _aRāg aur ras ke bahāne
260 _aइलाहाबाद
_b प्रदीपन प्रकाशन
_c1993
300 _a148 पृ.
_ccm.
942 _hNR44, 152N3
_cTEXL
_2CC
999 _c308665
_d308665